00346nam a2200145Ia 4500999001700000008004100017082001300058100001900071245003200090250000800122260003300130300000800163650001700171942001200188 c10759d10759191201s2011 xx 000 0 und d a330bRAH aRAGHAVAN, V.P. 0aHistory of Economic Thought aPri aNew DelhibKunal Booksc2017 a286 aBA Economics 2ddccBK